00672nam a22002057a 45000050016000000100017000160200022000330350017000550370021000720820006000931000023000992450106001222500012002282600040002402700089002803000033003697000023004027000023004257000018004482011072704394.0 aB-432269-273 a8182634296c15.00 aB-432269-273 bBlueberry Books  aS aChaturvedi, Pankaj aI want to .... /cby Pankaj Chaturvedi; illustrated by Ajit Narayan; translated by Manisha Chaudhary a3rd ed. aBangalore :bPratham Books, c2010. a633-634, 4th C Main, B cross, Ombr Layout, BanaswadibBangaloree560043k80-25420925 a28 p.:billus.;c22 cm (Pbk) aGangopadhya, Neeta aChaudhary, Manisha aNarayan, Ajit